| 000 | 00895nam a2200241Ia 4500 | ||
|---|---|---|---|
| 001 | dia_3220 | ||
| 003 | CHAP | ||
| 005 | 20251014143424.0 | ||
| 008 | 220601s9999 xx 000 0 und d | ||
| 040 |
_amxchpua _erda |
||
| 090 | _aFOLLETO 2305 | ||
| 100 |
_aSistema Nacional para el Abasto. México _9147856 |
||
| 110 | _aMÉXICO. SISTEMA NACIONAL PARA EL ABASTO | ||
| 245 | _aDiagnóstico para la instalación de centros de acopio, Quintana Roo frutas y hortalizas / México. Sistema Nacional para el Abasto | ||
| 260 | _aMéxico : Sistema Nacional para el Abasto | ||
| 500 | _aS/c | ||
| 650 |
_a1. Frutas y hortalizas - Quintana Roo - Producción _9175812 |
||
| 700 |
_aSecretaría de Agricultura y Recursos Hidraúlicos. MéxicoÌ _9175813 |
||
| 901 | _aFOLLETO 2305 | ||
| 902 | _aM | ||
| 905 | _a0000001984 mx 0000000000spa00 | ||
| 942 |
_cFOLL _2local |
||
| 999 |
_c209321 _d209321 |
||